Регионална библиотека "Любен Каравелов" - Русе

Христофор Колумб (Запис номер 179196)

MARC детайли
000 -Лидер
Контролно поле с фиксирана дължина 02080nam a2200457 c 4500
003 - Код на организацията, давaща контролен номер
Контролно поле BLK
005 - Дата и час на последна редакция
Контролно поле 20241219112924.0
008 - Елементи от данни с фиксирана дължина
fixed length control field 180411b bul|||||r ||||||| ||bul||
010 ## - Наследен системен номер
LC control number KNG00187969000
020 ## - Международен стандартен номер на книга ISBN
Международен стандартен номер на книга ISBN 978-619-7067-62-0
-- издат.: Книгопис
040 ## - Източник на каталожния запис
Идентификатор на билиотеката - собственик на записа BLK
041 ## - Код за език
Код за езика на текст/звукозапис или на отделно заглавие Български
Код за езика КДБФ Български
072 #7 - Код за тематичната категория
Код организация bullib
Код за тематична категория Н91
Текст География Н
080 ## - УДК
Текстов определител УДК Откривателски пътешествия. Експедиции
УДК код - определител по УДК 910.4
УДК определител (45)(092)(02.053.2)
УДК - код + определител 910.4(45)(092)(02.053.2)
080 ## - УДК
Текстов определител УДК Генуезки изследовател и търговец, прекосил Атлантическия океан и достигнал Америка
УДК код - определител по УДК 929 Колумб, Христофор
УДК определител
УДК - код + определител 929 Колумб, Христофор
139 ## - Редно поле
Редна дума Бейдър, Бони
Авторски знак Без - Б 32
245 10 - Сведения за заглавието
Заглавие Христофор Колумб
Редно поле (дума) текст Бони Бейдър; ил. Нанси Харисън; прев. Георги Александров.
257 ## - Страна на издаване
Страна на създаване/издаване Съединени американски щати
260 ## - Област на издателските данни
-- София
Име на издателя, разпространителя и проч. Книгопис
Година на издаване 2015
Печатница София : Симолини 94
300 ## - Физическа характеристика
Страници 111 с.
Илюстрации и др. с ил.
Размери/Мащаб 20 см
380 ## - Жанр
Жанр Детска отраслова лит.
490 1# - СЕРИИ (Колекции)
Име на серия Поредица Кой е
№: серия Кн. 3
500 ## - Общи забележки
Забележка Ориг. загл.: Who was Christopher Columbus? / Bonnie Bader
600 14 - Име на лице, използвано като предмет
За него / За нея Колумб, Христофор
9 (RLIN) 81616
650 #7 - Допълнително описание по предмет – тема
Основно описание – тема или топоним Географски пътешествия и открития - история
Източник на редна или ключова дума
9 (RLIN) 151894
650 #4 - Допълнително описание по предмет – тема
Основно описание – тема или топоним Колумб, Христофор
9 (RLIN) 81616
653 ## - Ключова дума – ненормативна
Ключова дума открития
653 ## - Ключова дума – ненормативна
Ключова дума пътешествия
653 ## - Ключова дума – ненормативна
Ключова дума пътешественици
653 ## - Ключова дума – ненормативна
Ключова дума Христофор Колумб
659 ## - Тематичен бюлетин
Тематичен бюлетин Н
700 1# - Други автори (авторска отговорност)
Лично име Бейдър, Бони
Автороска отговорност (Описва отношението между автора и произведението) текст
9 (RLIN) 341692
700 1# - Други автори (авторска отговорност)
Лично име Харисън, Нанси
Автороска отговорност (Описва отношението между автора и произведението) ил.
9 (RLIN) 341693
700 1# - Други автори (авторска отговорност)
Лично име Александров, Георги
Автороска отговорност (Описва отношението между автора и произведението) прев.
9 (RLIN) 365729
852 ## - Местоположение
Форматна сигнатура Цб 280638
856 4# - Електронен адрес и достъп
Електронен формат pdf - файл
Път до файла /url/
856 4# - Електронен адрес и достъп
Електронен формат pdf - файл
Път до файла /url/
942 ## - АРТИКУЛИ
Вид на библиотечния материал Книги
Скрит в OPAC Не
Koha issues (borrowed), all copies 7
944 ## - СЪЗДАВАНЕ И РЕДАКЦИЯ на ЗАПИСА
Създаване/Редакция Създаване
Дата на регистрацията/редакция 26.05.2016
Служител, извършил регистрацията/редакцията 30560
Статус, дата на статуса Геновева Генчева
944 ## - СЪЗДАВАНЕ И РЕДАКЦИЯ на ЗАПИСА
Създаване/Редакция Редакция
Дата на регистрацията/редакция 06.06.2016
Служител, извършил регистрацията/редакцията Симона_Петрова
999 ## - СИСТЕМНИ КОНТРОЛНИ НОМЕРА
Koha biblionumber 179196
Koha biblioitemnumber 179196
Наличности
Код за отписване Код за изгубен артикул Код за повреда Коз за рестрикции Код за отдаване Артикулен № Име на библиотеката - собственик Име на библиотеката, в която се намира в момента Статус (Текущо местоположение) Дата на вписване в системата Местоположение - отдел Цена в лева Инвентарен номер Систематично азбучна сигнатура Баркод Номер на екземпляра Цена в евро Служебна бележка Служебен тип на артикула Източник на класификационната схема
  Не е изгубен Не е повреден без рестрикции ползва се в читалня 307391 Регионална библиотека "Любен Каравелов" Русе Регионална библиотека "Любен Каравелов" Русе Хранилище 2016-05-21 Хранилище 8.90 120000800363 Цб 280638 120000800363 1 4.55 Дост: Dp Вид: Д N: 16 Дата: 25.03.2016 Книги  
  Не е изгубен Не е повреден без рестрикции заемане за дома 731483 Регионална библиотека "Любен Каравелов" Русе Регионална библиотека "Любен Каравелов" Русе Детски отдел 2019-08-02 Детски отдел 6.68   ДН 91 (092)/ Б 32 120000835405   3.42   Книги Universal Decimal Classification
  Не е изгубен Не е повреден без рестрикции заемане за дома 731766 Регионална библиотека "Любен Каравелов" Русе Регионална библиотека "Любен Каравелов" Русе Детски отдел 2019-08-07 Детски отдел 8.90   ДН 91 (092)/ Б 32 120000835424   4.55   Книги Universal Decimal Classification
Vip Innovations Ltd, Rousse, Bulgaria 2025